English counties with the oldest median age - Statistics

General Stats
  • This quiz has been taken 11 times
  • The average score is 16 of 20
Answer Stats
Median Age County % Correct
47.9 Cornwall
100%
47.7 Devon
100%
46 Norfolk
100%
45.6 Suffolk
100%
48.4 East Sussex
90%
47.7 Herefordshire
90%
48.5 North Yorkshire
90%
45.5 West Sussex
90%
51.4 Dorset
80%
48.8 Northumberland
80%
48.3 Cumbria
70%
46 Lincolnshire
70%
47.7 Somerset
70%
45.3 Worcestershire
70%
45.7 Derbyshire
60%
51 Isle of Wight
60%
47.9 Rutland
60%
48.2 Shropshire
60%
44.8 Staffordshire
60%
44.7 Hampshire
50%
No matching quizzes found
Score Distribution
Percent of People with Each Score
Percentile by Number Answered
Your Score History
You have not taken this quiz